LEADER 02408nam a2200361 4500 001 000000339880 003 CaOOAMICUS 005 20200526162632.0 008 200318m19951997it a c 000 u mul r 040 $aSeMil$bita 111 2 $aMostra «Mille anni di cristianesimo nell'arte russa»$d<1997 ;$cAosta>.$0(OLS)http://semarc/name/111187 245 00$aMille anni di cristianesimo nell'arte russa :$bicone dall'11. al 20. secolo. 246 01$aA Thousand Years of Christendom in Russian Art :$bIcons from the 11. to the 20. Century 246 01$aArt russe : mille ans de christianisme :$bicônes du 11. au 20. siècle 264 24$aAosta :$bInternational Service,$ccopyr. 1997$e(Aosta :$fArti Grafiche E. Duc) 264 4$a[Germany] :$bPalace Edition,$ccopyr. 1995. 300 $a261 p. :$bill. ;$c30 cm 490 0 $aVallée d'Aoste Culture 536 $aRegione Autonoma Valle d'Aosta, Assessorato della Pubblica Istruzione; con il patrocinio = par le soins Ministero per i Beni Culturali e Ambientali, Ministero della Cultura della Federazione Russa, Museo di Stato Russo di San Pietroburgo. 546 $aTesto in italiano, francese e inglese. 585 $aCatalogo della Mostra, Aosta, Esposizione Centro Saint-Bénin, 28 giugno-5 ottobre 1997. 650 4$aArte sacra - Russia - Icone - Sec. 11.-20. - Esposizioni - Cataloghi - 1997.$0(OLS)http://semarc/subject/49107 700 1 $aVicini, Anna,$etraduttore (traduzione russo-italiano).$0(OLS)http://semarc/name/33434 710 2 $aWelt, Centro di Consulenza Linguistica$c,$etraduttore (traduzione inglese e francese).$0(OLS)http://semarc/name/111188 830 0$aVallée d'Aoste Culture.$0(OLS)http://semarc/title/428820 850 $aSeMil 852 $aSeMil$W1$xVenegono$y1$m5Q VII 3$j220475$B231079$CSeMilBibl$Z2$F231079 $8I 996 $6245$aMille anni di cristianesimo nell'arte russa :$bicone dall'11. al 20. secolo$9(OLS)http://semarc/title/428807 996 $6246$aA Thousand Years of Christendom in Russian Art :$bIcons from the 11. to the 20. Century$9(OLS)http://semarc/title/428809 996 $6246$aArt russe : mille ans de christianisme :$bicônes du 11. au 20. siècle$9(OLS)http://semarc/title/428808 996 $6264$a[Germany] :$bPalace Edition$9(OLS)http://semarc/publisher/58923 996 $6264$aAosta :$bInternational Service$9(OLS)http://semarc/publisher/58924 LEADER 00750nam a2200181 i 4500 001 000000056105 003 CaOOAMICUS 005 19970723000000.0 008 970723n xx u000 u lat u 013 $a27277 040 $aSeMil$bita 100 1 $aRymarz, Stanislaus .$0(OLS)http://semarc/name/28303 245 10$aDe potestate dispensativa superiorum in Seraphicae Regulae Praeceptis. 650 4$aFrancescanesimo - Regola.$0(OLS)http://semarc/subject/10002 650 4$aTesi di laurea.$0(OLS)http://semarc/subject/1690 850 $aSeMil 852 $aSeMil$W1$xVenegono$y1$m2I IV 157$j22259$B22259$CSeMilBibl$Z2$F22261 $81 996 $6245$aDe potestate dispensativa superiorum in Seraphicae Regulae Praeceptis$9(OLS)http://semarc/title/87154